Normal view MARC view
  • Marowitz, Charles

Entry Personal Name

Number of records used in: 1

001 - CONTROL NUMBER

  • control field: 153774

003 - CONTROL NUMBER IDENTIFIER

  • control field: DLC

005 - DATE AND TIME OF LATEST TRANSACTION

  • control field: 20260417152302.0

008 - FIXED-LENGTH DATA ELEMENTS

  • fixed length control field: 800604n| azannaabn |n aaa

010 ## - LIBRARY OF CONGRESS CONTROL NUMBER

  • LC control number: n 79110174
  • Canceled/invalid LC control number: n 50041524

035 ## - SYSTEM CONTROL NUMBER

  • System control number: (OCoLC)oca00342065

040 ## - CATALOGING SOURCE

  • Original cataloging agency: DLC
  • Language of cataloging: eng
  • Description conventions: rda
  • Transcribing agency: DLC
  • Modifying agency: DLC
  • Modifying agency: OCoLC
  • Modifying agency: DLC
  • Modifying agency: OCoLC

046 ## - SPECIAL CODED DATES

  • Birth date: 1929
  • Source of information: The Marowitz Shakespeare, 1990: CIP data sheet
  • Source of date scheme: edtf

046 ## - SPECIAL CODED DATES

  • Birth date: 19360101
  • Source of information: Stage dust, 2001: CIP data sheet

046 ## - SPECIAL CODED DATES

  • Birth date: 19340126
  • Death date: 20140502
  • Source of information: Los Angeles times WWW site, May 7, 2014

053 #0 - LC CLASSIFICATION NUMBER

  • Classification number element--single number or beginning number of span: PS3563.A68

100 1# - HEADING--PERSONAL NAME

  • Personal name: Marowitz, Charles

370 ## - ASSOCIATED PLACE

  • Place of birth: New York (N.Y.)
  • Place of death: Agoura Hills (Calif.)

372 ## - FIELD OF ACTIVITY

  • Field of activity: American drama
  • Field of activity: Theater
  • Source of term: lcsh

374 ## - OCCUPATION

  • Occupation: Dramatists
  • Occupation: Theatrical producers and directors
  • Occupation: Theater critics
  • Source of term: lcsh

377 ## - ASSOCIATED LANGUAGE

  • Language code: eng

670 ## - SOURCE DATA FOUND

  • Source citation: His The method as means, 1961.

670 ## - SOURCE DATA FOUND

  • Source citation: His Sex wars, 1982:
  • Information found: CIP t.p. (Charles Marowitz) CIP data sheet (b. 1934)

670 ## - SOURCE DATA FOUND

  • Source citation: His The Marowitz Shakespeare, 1990:
  • Information found: CIP t.p. (Charles Marowitz) data sheet (b. 1929)

670 ## - SOURCE DATA FOUND

  • Source citation: Stage dust, 2001:
  • Information found: CIP t.p. (Charles Marowitz) CIP data sheet (b. January 1, 1936)

670 ## - SOURCE DATA FOUND

  • Source citation: Phone call to pub.,
  • Information found: (author's year of birth verified by author as 1936)

670 ## - SOURCE DATA FOUND

  • Source citation: Los Angeles times WWW site, May 7, 2014
  • Information found: (in obituary dated May 5, 2014: Charles Marowitz; b. Jan. 26, 1934, New York; died in Agoura Hills on Friday [May 2, 2014] at 80; playwright, director and theater critic)
Devinim Yazılım Eğitim Danışmanlık tarafından Koha'nın orjinal sürümü uyarlanarak geliştirilip kurulmuştur.